Welcome to CU Library Online Public Access Catalogue (OPAC)

Sage Priest, Prophet: (Record no. 5421)

MARC details
000 -LEADER
fixed length control field 00560nam a22001697a 4500
005 - DATE AND TIME OF LATEST TRANSACTION
control field 20250411131710.0
008 - FIXED-LENGTH DATA ELEMENTS--GENERAL INFORMATION
fixed length control field 250411b |||||||| |||| 00| 0 eng d
020 ## - INTERNATIONAL STANDARD BOOK NUMBER
International Standard Book Number 9780664226749
050 ## - LIBRARY OF CONGRESS CALL NUMBER
Classification number BS1199
Item number .L4B58 BLE
100 ## - MAIN ENTRY--PERSONAL NAME
Personal name Blenkinsopp Joseph
245 ## - TITLE STATEMENT
Title Sage Priest, Prophet:
Remainder of title Religious and Intellectual Leadership in Ancient Israel/
Statement of responsibility, etc. Joseph Blenkinsopp & Douglas A. Knight (ed.)
260 ## - PUBLICATION, DISTRIBUTION, ETC.
Place of publication, distribution, etc. Kentucky
Name of publisher, distributor, etc. Westminster John Knox Press
Date of publication, distribution, etc. 1995
300 ## - PHYSICAL DESCRIPTION
Extent 191p.
Dimensions 21 cm
650 ## - SUBJECT ADDED ENTRY--TOPICAL TERM
Source of heading or term Theology
700 ## - ADDED ENTRY--PERSONAL NAME
Personal name Knight Douglas A. (ed.)
942 ## - ADDED ENTRY ELEMENTS (KOHA)
Source of classification or shelving scheme Library of Congress Classification
Koha item type Books
Suppress in OPAC No
999 ## -
-- 5421
-- 5421
Holdings
Withdrawn status Lost status Source of classification or shelving scheme Damaged status Not for loan Collection Home library Current library Shelving location Date acquired Total checkouts Full call number Barcode Date last seen Copy number Price effective from Koha item type
    Library of Congress Classification     Non-fiction Business Library (Miotso) Business Library (Miotso) General stacks 04/11/2025   BS1199 .L4B58 BLE BSSM00001779 04/11/2025 1 04/11/2025 Books
    Library of Congress Classification     Non-fiction Undergraduate Library (Christ Temple) Undergraduate Library (Christ Temple) General stacks 06/27/2025   BS1199.L4B58 BLE ulct00003581 06/27/2025 1 06/27/2025 Books
    Library of Congress Classification     Non-fiction Undergraduate Library (Christ Temple) Undergraduate Library (Christ Temple) General stacks 06/27/2025   BS1199.L4B58 BLE ulct00003582 06/27/2025 2 06/27/2025 Books
© 2023-2024 Copyright: Central University Libraries. All Rights Reserved | Created by: Mahone Tech Office